| Tag |
First Indicator |
Second Indicator |
Subfields |
| LEADER |
00000cam a2200000Ia 4500 |
| 001 |
in00002292575 |
| 005 |
20190326203321.0 |
| 006 |
m | d | |
| 007 |
cr |n||||||||n |
| 008 |
910321s1749 ie sb 000 0 eng d |
| 010 |
|
|
|a nuc87590257
|
| 040 |
|
|
|a ResP
|c GKS
|d RQM
|d OCL
|d Thomson Gale
|d UtOrBLW
|
| 043 |
|
|
|a e-ie---
|
| 050 |
1 |
4 |
|a HB161
|b .G64 no. 8417.1
|
| 082 |
0 |
4 |
|a 330
|b G62
|
| 100 |
1 |
|
|a La Touche, James Digges,
|d 1709-
|
| 245 |
1 |
2 |
|a A freeholder's fifth address, to the merchants, traders, and others, the freemen and citizens of the city of Dublin.
|
| 264 |
|
3 |
|a Dublin :
|b Printed for P. Wilson,
|c 1749.
|
| 300 |
|
|
|a 15 pages ;
|c 20 cm.
|
| 336 |
|
|
|a text
|b txt
|2 rdacontent
|
| 337 |
|
|
|a computer
|b c
|2 rdamedia
|
| 338 |
|
|
|a online resource
|b cr
|2 rdacarrier
|
| 500 |
|
|
|a Signed: Hibernicus.
|
| 500 |
|
|
|a Attributed to James Digges La Touche in NUC pre-1956.
|
| 500 |
|
|
|a One of a series of addresses given by La Touche in his quest for a seat in Parliament as Dublin's representative.
|
| 500 |
|
|
|a Reproduction of original from Kress Library of Business and Economics, Harvard University.
|
| 500 |
|
|
|a Goldsmiths'-Kress number 08417.1.
|
| 504 |
|
|
|a Includes bibliographical references.
|
| 510 |
4 |
|
|a OCLC,
|c 23278089
|
| 533 |
|
|
|a Electronic reproduction.
|b Farmington Hills, Mich. :
|c Thomson Gale,
|d 2005.
|f (The making of the modern world).
|n Available via the World Wide Web.
|n Access limited to licensing agreements.
|7 s2005 miunns
|
| 500 |
|
|
|a Electronic resource.
|
| 610 |
1 |
0 |
|a Ireland.
|b Parliament
|x Elections.
|
| 650 |
|
0 |
|a Elections
|z Ireland
|z Dublin.
|
| 651 |
|
0 |
|a Ireland
|x Politics and government
|y 18th century.
|
| 600 |
1 |
0 |
|a La Touche, James Digges,
|d 1709-
|x Political and social views.
|
| 655 |
|
0 |
|a Electronic books.
|
| 740 |
0 |
|
|a Freeholder's 5th address, to the merchants, traders, and others, the freemen and citizens of the city of Dublin.
|
| 830 |
|
0 |
|a Making of the modern world (Goldsmiths'-Kress Library of Economic Literature)
|
| 856 |
4 |
0 |
|u http://proxy.library.tamu.edu/login?url=http://galenet.galegroup.com/servlet/MOME?af=RN&ae=U100895838&srchtp=a&ste=14&locID=txshracd2898
|z Connect to the full text of this electronic book
|t 0
|
| 999 |
|
|
|a MARS
|
| 999 |
f |
f |
|s 2461d1ec-810b-3244-94f8-282f03d53bbf
|i 4624b240-3655-33eb-a638-37635a7d4f20
|t 0
|
| 952 |
f |
f |
|a Texas A&M University
|b College Station
|c Electronic Resources
|d Available Online
|t 0
|e HB161 .G64 no. 8417.1
|h Library of Congress classification
|
| 998 |
f |
f |
|a HB161 .G64 no. 8417.1
|t 0
|l Available Online
|